| 000 | 00581nam a2200193 i 4500 | ||
|---|---|---|---|
| 001 | 150421 | ||
| 003 | ES-MaACL | ||
| 005 | 20230906203515.0 | ||
| 007 | t| | ||
| 008 | 071030s1956 sp ||||1| spa d | ||
| 100 | 1 |
_aValbuena Prat, Ángel, _d1900-1977 _9112459 |
|
| 245 | 1 | 0 |
_aHistoria del teatro español / _cAngel Valbuena Prat. |
| 250 | _a[1ª ed.]. | ||
| 260 |
_aBarcelona : _bNoguer, _c[1956] |
||
| 300 |
_a703 p. : _bil. ; _c25 cm. |
||
| 650 | 4 |
_aTeatro español- _xHistoria y crítica. _9136908 |
|
| 852 |
_aES-MaACL _jC-11250 _bR.39455 |
||
| 999 |
_c150421 _d150421 |
||